Fútbol e identidades nacionales en Centroamérica: los casos de Guatemala, El Salvaldor y Costa Rica /
El autor expone las conclusiones de la investigación sobre le fenómeno del fútbol en tres países de Centroamérica, las cuales abarcan desde su introducción -a fines del siglo XIX- hasta mediados del siglo XX, haciendo hincapié en su papel como elemento trasmisor de un sentimiento de pertenencia naci...
محفوظ في:
| المؤلف الرئيسي: | |
|---|---|
| التنسيق: | كتاب |
| اللغة: | Spanish |
| منشور في: |
El Salvador
ECA
2007
|
| الموضوعات: | |
| الوسوم: |
إضافة وسم
لا توجد وسوم, كن أول من يضع وسما على هذه التسجيلة!
|
MARC
| LEADER | 00000nam a2200000 4500 | ||
|---|---|---|---|
| 003 | cru CIDCACS/IIS | ||
| 005 | 20190304135940.0 | ||
| 007 | ta | ||
| 008 | 190304b ||||| |||| 00| 0 spa d | ||
| 999 | |c 42227 |d 42227 | ||
| 040 | |c cru CIDCACS/IIS | ||
| 090 | |a REV0452 62 (709-710) 2007 | ||
| 100 | 1 | |9 462 |a Urbina Gaitán, Chester | |
| 245 | |a Fútbol e identidades nacionales en Centroamérica: |b los casos de Guatemala, El Salvaldor y Costa Rica / |c Chester Urbina Gaitán | ||
| 260 | |a El Salvador |b ECA |c 2007 | ||
| 300 | |a páginas 1071-1080 | ||
| 520 | |a El autor expone las conclusiones de la investigación sobre le fenómeno del fútbol en tres países de Centroamérica, las cuales abarcan desde su introducción -a fines del siglo XIX- hasta mediados del siglo XX, haciendo hincapié en su papel como elemento trasmisor de un sentimiento de pertenencia nacional. En el caso de Guatemala, El Salvador y Costa Rica, el fútbol se ubica dentro de un contexto general de diversiones, cuya práctica social excluyente hizo que se creara una división marcada con respecto a los sectores que se ejecutaban | ||
| 650 | 0 | |9 4619 |a IDENTIDAD NACIONAL | |
| 650 | 0 | |9 4508 |a DEPORTES | |
| 651 | 0 | |9 32 |a COSTA RICA | |
| 651 | 0 | |9 128 |a AMERICA CENTRAL | |
| 773 | 0 | |0 18723 |9 2717 |a Universidad Centroamericana José Simeón Cañas (UCA) |d San Salvador, El Salvador Universidad Centroamericana José Simeón |o 05132 |t ECA: | |
| 942 | |2 ddc |c PP | ||
